Statistics for Guess the Main Characters- Brooklyn Nine-Nine

Click here to take the quiz!

General Stats

  • This quiz has been taken 82 times
  • The average score is 9 of 9

Answer Stats

ActorsCharcters% Correct
Melissa FumeroAmy Santiago
100%
Chelsea PerettiGina Linetti
97%
Andy SambergJake Peralta
97%
Stephanie BeartizRosa Diaz
97%
Terry CrewsTerry Jeffords
97%
Joe Lo TruglioCharles Boyle
96%
Andre BraugherCaptain Raymond Holt
94%
Joel McKinnon MillerScully
92%
Dirk BlockerHitchcock
89%

Score Distribution

Percentile by Number Answered

Percent of People with Each Score

Your Score History

You have not taken this quiz